000 00375nam a2200145Ia 4500
008 230917s9999||||xx |||||||||||||| ||und||
040 _e202506
_aMAIN
041 _aEnglish
082 _a583.74 A48B
100 _aAditya Pratap
245 0 _aBiology and breeding of food legumes
260 _aWallingford
_bCAB International
_c2011
300 _axiii, 418 p.
942 _cBK
999 _c159750
_d159750